000 00322nam a22001217a 4500
020 _a0764117696
082 _a378.1662
_bGRE
_cNUST
100 _aGreen, Sharon Weiner.,
_938360
245 _aBarron's how to prepare for the GRE.
300 _a535p.:
_bill.;
526 _a0
_b0
_c0
_d378_166200000000000_GRE
942 _2ddc
_cBK
999 _c542973
_d542973